000 01566nam2a22002531 4500
001 RU\NLR\INFOCOMM7\5000051105
005 20250617035507.0
035 _a(NLR Aleph) 002428457
090 _a1970998
_c1970998
100 _a20040207d1984 |||y0rusy50 ca
101 0 _arus
102 _aRU
105 _ay ||||000|y
200 1 _aПроизводство восстановительного газа из твердого топлива для установок прямого восстановления железа за рубежом
_fИ.М. Гарина
210 _d1984
_aБ. м.
461 0 _1001RU\NLR\INFOCOMM7\5000051003
_12001#$aЧерная металлургия$eОбзор. информ.$iСерия "Подготовка сырьевых материалов к металлургическому переделу и производство чугуна"$fЦНИИ информ. и техн.-экон. исслед. чер. металлургии$v1984, Вып.3
_91970647
_cМ.
_d1983-
_fЦНИИ информ. и техн.-экон. исслед. чер. металлургии
_iСерия "Подготовка сырьевых материалов к металлургическому переделу и производство чугуна"
_oОбзор. информ.
_tЧерная металлургия
_x0208-1032
_v1984, Вып.3
700 1 _aГарина
_bИ.М.
_4070
801 1 _aRU
_bInfoComm
_c20040207
801 0 _aRU
_bNLR
_gPSBO
852 _aNLR
_jП10/5977
942 _cISSUE
980 _aNB
980 _aRUSPER